| 000 | 00785nab a2200253 4500 | ||
|---|---|---|---|
| 003 | BR-BrBNA | ||
| 005 | 20260101123030.0 | ||
| 008 | 260101b bl.||||| |||| 00| 0 por d | ||
| 040 |
_aBR-BrBNA _bpor |
||
| 072 | _aE80 ; Q60 ; E70 ; P01 | ||
| 100 | _aZaia, Cristiano | ||
| 245 |
_aA artesã do cerrado _bEstilo no campo |
||
| 500 | _a6 illus. | ||
| 650 | _aARTESANATO | ||
| 650 | _aFLOR | ||
| 650 | _aCERRADO | ||
| 650 | _aSUSTENTABILIDADE | ||
| 650 | _aCOMERCIALIZAÇÃO | ||
| 650 | _aSAMAMBAIA | ||
| 650 | _aBRASÍLIA | ||
| 773 | 0 |
_01706 _9348087 _dSão Paulo-SP Editora Três Ltda - E-mail: luizfsa@revistadinheiro.com.br 2004 _o2025-0580 _tDinheiro Rural (Brazil) _x1807-3700 _gv. 9(107) p. 86-88; (Sep 2013) _wBR2025005362 |
|
| 942 | _cANA | ||
| 999 |
_c339694 _d339694 |
||